00790cam a22002415i 45000010009000000050017000090080041000260100017000670200018000840400023001020420010001250820018001351000024001532450099001772600049002763000067003256500053003927000024004457000017004697000021004867000023005077000018005301887293920220326193341.0151127s2014 bl a 000 0 por  a 2015501056 a9788585298470 aDLCbengcDLCerda alcode a700.74bB453h aNuria Enguita Mayo.00aHow to look for things that don't exist :bguide 31st Bienal /ccuradoria, Nuria Enguita Mayo. aSao paolo, BrasilbBienal de Sao Paoloc2014 a223 pages :billustrations [some color illustrations] ;c19 cm a31 st Bienal de Sao Paolo vExhibiciónzBrasil aNuria Enguita Mayo. aGalit Eliat  aPablo La Fuente  aBenjamin Seroussi aLuiza Proenca